[Event "Berkeley CC Capablanca FNM; 30/90, SD/3"]
[Site "Berkeley"]
[Date "2011.09.16"]
[Round "1.5"]
[White "Gaffagan, Steven"]
[Black "Baraz, Adam"]
[Result "1-0"]
[WhiteElo "2072"]
[BlackElo "1690"]
[PlyCount "123"]
[EventDate "2011.??.??"]
[SourceDate "2007.10.22"]

1. e4 d6 2. d4 Nf6 3. Nc3 g6 4. Be3 Bg7 5. Qd2 c6 6. Bh6 Bxh6 7. Qxh6 Qa5 8.
O-O-O Be6 9. a3 Nbd7 10. Nf3 Ng4 11. Qd2 Nb6 12. h3 Nf6 13. Qg5 c5 14. Bb5+ Bd7
15. dxc5 h6 16. Bxd7+ Nbxd7 17. Qe3 Qxc5 18. Qxc5 Nxc5 19. Rhe1 O-O 20. e5 dxe5
21. Rxe5 Ne6 22. Nb5 a6 23. Nbd4 Nxd4 24. Rxd4 e6 25. a4 Rac8 26. Re2 Rc7 27.
Red2 Rfc8 28. Rd8+ Rxd8 29. Rxd8+ Kg7 30. Rd4 Nd5 31. Ne1 Kf6 32. Nd3 Kf5 33.
a5 g5 34. g3 h5 35. Kd2 Nf6 36. f3 g4 37. Rf4+ Kg5 38. fxg4 hxg4 39. h4+ Kg6
40. Ne5+ Kg7 41. Nxg4 Nh5 42. Rf3 f5 43. Nf2 Rc4 44. b3 Rc5 45. b4 Rc6 46. Nd3
Rc4 47. c3 Rg4 48. Nc5 Nxg3 49. Nxe6+ Kf6 50. Nc5 Rg7 51. Ke3 Ke5 52. Nd7+ Kd5
53. Nc5 Kc4 54. Kf4 Ne2+ 55. Kxf5 Nxc3 56. Rf4+ Kd5 57. Kf6 Rh7 58. Kg6 Re7 59.
h5 Ke5 60. Rf5+ Kd6 61. Rf7 Nd5 62. Nxb7+ 1-0

[Event "Berkeley CC Capablanca FNM; 30/90, SD/3"]
[Site "Berkeley"]
[Date "2011.10.21"]
[Round "6.3"]
[White "Gaffagan, Steven"]
[Black "Chamberlain, Ethan"]
[Result "0-1"]
[WhiteElo "2072"]
[BlackElo "1930"]
[PlyCount "74"]
[EventDate "2011.??.??"]
[SourceDate "2007.10.22"]

1. e4 c5 2. Nf3 g6 3. h4 h6 4. d4 Bg7 5. c3 cxd4 6. Bc4 d6 7. Qb3 e6 8. Nxd4
Nc6 9. Be3 Na5 10. Bb5+ Bd7 11. Qa4 Nf6 12. Bxd7+ Nxd7 13. h5 g5 14. Nd2 O-O
15. b4 Nc6 16. O-O Rc8 17. Nxc6 Rxc6 18. Qxa7 Qc7 19. Qa3 Rxc3 20. Rac1 Rc8 21.
Nb3 Qd8 22. Rxc3 Rxc3 23. Rc1 Rxc1+ 24. Qxc1 g4 25. Bxh6 Kh7 26. Bxg7 Kxg7 27.
Qf4 Ne5 28. Na5 b6 29. Nb7 Qe7 30. h6+ Kh7 31. Nxd6 Qxd6 32. Qf6 Qd1+ 33. Kh2
g3+ 34. Kxg3 Qg4+ 35. Kh2 Qh5+ 36. Kg1 Qd1+ 37. Kh2 Ng4+ 0-1

[Event "Berkeley CC Ch2011 FNM; 30/90, SD/30"]
[Site "Berkeley"]
[Date "2011.11.18"]
[Round "3.1"]
[White "Gaffagan, Steven"]
[Black "Cunningham, Robin"]
[Result "0-1"]
[WhiteElo "2076"]
[BlackElo "2277"]
[PlyCount "68"]
[EventDate "2011.??.??"]
[SourceDate "2007.10.22"]

1. c4 e6 2. Nf3 d5 3. g3 Nf6 4. Bg2 c5 5. O-O Nc6 6. cxd5 exd5 7. d4 Be7 8. Nc3
O-O 9. dxc5 Bxc5 10. Bg5 d4 11. Bxf6 Qxf6 12. Nd5 Qf5 13. Nd2 Be6 14. Nf4 Rfe8
15. Bh3 Qe5 16. Nxe6 fxe6 17. Rc1 Rad8 18. Qb3 d3 19. Nf3 Qxe2 20. Qxb7 Qxf3
21. Bg2 Qe2 22. Qxc6 d2 23. Qxc5 dxc1=Q 24. Qxc1 Rf8 25. Qc7 a6 26. Bh3 e5 27.
Qb6 Kh8 28. a4 Rb8 29. Qa7 Rxb2 30. a5 h6 31. Be6 Qb5 32. h4 Qxa5 33. h5 Qb6
34. Qe7 Rfxf2 0-1

[Event "Berkeley CC Ch2011 FNM; 30/90, SD/30"]
[Site "Berkeley"]
[Date "2011.12.02"]
[Round "5.3"]
[White "Gaffagan, Steven"]
[Black "Krasnov, Steven"]
[Result "0-1"]
[WhiteElo "2076"]
[BlackElo "1974"]
[PlyCount "74"]
[EventDate "2011.??.??"]
[SourceDate "2007.10.22"]

1. e4 c5 2. Nf3 e6 3. d4 cxd4 4. Nxd4 a6 5. Nc3 Qc7 6. Bd3 Nc6 7. Nb3 b5 8. Qe2
Nf6 9. O-O Be7 10. f4 d6 11. Bd2 O-O 12. Rae1 Nb4 13. Nxb5 axb5 14. Bxb4 Rxa2
15. c3 Bb7 16. Nd4 Qb6 17. Kh1 Rb8 18. h3 g6 19. Bb1 Ra1 20. Bc2 Nh5 21. Qf2
Rxe1 22. Qxe1 Bf6 23. Ne2 Bg7 24. Qf2 Qxf2 25. Rxf2 Rd8 26. Ba5 Ra8 27. b4 Rc8
28. Rf3 d5 29. Re3 d4 30. Rf3 f5 31. Bb3 fxe4 32. Bxe6+ Kf8 33. Rf1 d3 34. Bxc8
dxe2 35. Re1 Bxc8 36. Kh2 Nxf4 37. Kg3 Be5 0-1

[Event "Berkeley CC Capablanca FNM; 30/90, SD/3"]
[Site "Berkeley"]
[Date "2011.09.30"]
[Round "3.2"]
[White "Gaffagan, Steven"]
[Black "Vidanovic, Dragan"]
[Result "0-1"]
[WhiteElo "2072"]
[BlackElo "1950"]
[PlyCount "84"]
[EventDate "2011.??.??"]
[SourceDate "2007.10.22"]

1. e4 c5 2. Nf3 d6 3. c3 Nf6 4. Be2 Nc6 5. d3 g6 6. O-O Bg7 7. Re1 O-O 8. Bf1
Bg4 9. h3 Be6 10. d4 cxd4 11. cxd4 d5 12. e5 Ne8 13. Nc3 Nc7 14. Bg5 f6 15.
exf6 exf6 16. Bf4 Bf7 17. Nb5 Nxb5 18. Bxb5 Rc8 19. Rc1 Qb6 20. Bxc6 Rxc6 21.
Rxc6 Qxc6 22. Re7 a6 23. Qb3 b5 24. Rc7 Qb6 25. a4 g5 26. Bg3 h5 27. Rc5 b4 28.
a5 Qb7 29. Rc7 Qb5 30. Rc5 Qb7 31. Qc2 Re8 32. Rc7 Qb5 33. Qf5 h4 34. Bd6 Be6
35. Qg6 Bd7 36. Be5 fxe5 37. Nxg5 exd4 38. Qf7+ Kh8 39. Rxd7 Re1+ 40. Kh2 Be5+
41. g3 hxg3+ 42. Kg2 Qf1+ {remainder illegible} 0-1

[Event "Berkeley CS Rubinstein FNM; 30/90, SD/3"]
[Site "Berkeley"]
[Date "2011.08.12"]
[Round "3.9"]
[White "Genirberg, Richard"]
[Black "Deng, David"]
[Result "0-1"]
[WhiteElo "1404"]
[BlackElo "1444"]
[PlyCount "110"]
[EventDate "2011.??.??"]
[SourceDate "2007.10.22"]

1. d4 Nf6 2. Nf3 d5 3. c4 c6 4. Nc3 Bg4 5. Bf4 Nbd7 6. Qc2 g6 7. e4 dxe4 8.
Nxe4 Nxe4 9. Qxe4 Nf6 10. Qd3 Bxf3 11. gxf3 Bg7 12. O-O-O O-O 13. Be2 Qa5 14.
Kb1 Rfd8 15. Bd2 Qc7 16. f4 c5 17. f5 Rxd4 18. Qf3 Rad8 19. Be3 Rxd1+ 20. Rxd1
Rxd1+ 21. Bxd1 Qb6 22. fxg6 hxg6 23. b3 Qc7 24. Bf4 Qd7 25. Be2 Ne8 26. h4 Qd4
27. Bc1 Qa1+ 28. Kc2 Qxa2+ 29. Kd1 Qa6 30. Qd3 Qd6 31. Qxd6 Nxd6 32. h5 gxh5
33. Bxh5 e5 34. Bf3 b6 35. Bd5 Kf8 36. Ke2 Ke7 37. f3 Kf6 38. Kf2 Kf5 39. Ke2
Kf6 40. Kf2 Kf5 41. Ke2 Kg6 42. Kf2 Bh6 43. Bb2 Kf5 44. Ke2 a6 45. Kd3 f6 46.
Be4+ Nxe4 47. fxe4+ Ke6 48. Bc3 f5 49. exf5+ Kxf5 50. Bxe5 Kxe5 51. Kc2 b5 52.
Kc3 Kd6 53. Kd3 Kc6 54. Kc2 Kb6 55. Kd3 Ka5 0-1

[Event "Berkeley CS Rubinstein FNM; 30/90, SD/3"]
[Site "Berkeley"]
[Date "2011.08.26"]
[Round "5.10"]
[White "Genirberg, Richard"]
[Black "Xu, Young"]
[Result "1-0"]
[WhiteElo "1404"]
[BlackElo "1239"]
[PlyCount "105"]
[EventDate "2011.??.??"]
[SourceDate "2007.10.22"]

1. d4 d5 2. Nf3 Nc6 3. g3 Nf6 4. Bg2 Bf5 5. Nc3 Qd7 6. O-O Bh3 7. Ng5 Bxg2 8.
Kxg2 O-O-O 9. Nxf7 Qg4 10. e3 Qg6 11. Nxh8 Qe8 12. a3 e5 13. Re1 Bd6 14. Qd3 e4
15. Qb5 a6 16. Qe2 Qxh8 17. Rf1 h5 18. f4 exf3+ 19. Qxf3 Qh6 20. Qf5+ Kb8 21.
e4 Qh8 22. e5 Nxd4 23. Qd3 Bxe5 24. Bg5 Nc6 25. Rae1 Bxc3 26. bxc3 d4 27. Qf3
Rf8 28. cxd4 Nxd4 29. Qf2 Nc6 30. Qc5 Qg8 31. Bxf6 gxf6 32. Re6 b6 33. Qxc6 h4
34. Rfe1 Rc8 35. Re8 Qg4 36. Rxc8+ Qxc8 37. Re8 h3+ 38. Kf3 Qxe8 39. Qxe8+ Kb7
40. Qe7 f5 41. Kf4 b5 42. Kxf5 Kb6 43. g4 a5 44. c3 c6 45. g5 a4 46. g6 c5 47.
g7 b4 48. cxb4 cxb4 49. Qxb4+ Kc7 50. g8=Q Kd7 51. Qe6+ Kc7 52. Qbe7+ Kb8 53.
Qg8# 1-0

[Event "Berkeley CC De Firmian FNM; 30/90, SD/30"]
[Site "Berkeley"]
[Date "2012.05.04"]
[Round "6.9"]
[White "Genirberg, Richard"]
[Black "Xu, Young"]
[Result "1-0"]
[WhiteElo "1422"]
[BlackElo "1157"]
[PlyCount "117"]
[EventDate "2012.??.??"]

1. d4 d5 2. Bf4 Nf6 3. e3 Bf5 4. Nd2 Nc6 5. h3 h6 6. Bb5 Qd7 7. Ngf3 a6 8. Ba4
e6 9. c3 Bd6 10. Ne5 Bxe5 11. Bxe5 Ne4 12. Bh2 b5 13. Bc2 Nxd2 14. Qxd2 Bxc2
15. Qxc2 O-O 16. O-O Rfe8 17. Rfe1 e5 18. Rac1 e4 19. b3 Ne7 20. c4 c6 21. cxd5
cxd5 22. Qc7 Qf5 23. Qb7 Ng6 24. Bg3 Qe6 25. Rc6 Qe7 26. Rc7 Qb4 27. Qb6 -- 28.
Rec1 Qd2 29. R7c2 Qb4 30. Bd6 Re6 31. Qb7 Qxd6 32. Qxa8+ Kh7 33. Rc6 Qe7 34.
Qxa6 Qg5 35. Qxb5 Nh4 36. Qf1 Rg6 37. Rxg6 Qxg6 38. Kh1 f5 39. f3 Qg3 40. Rd1
exf3 41. gxf3 Nxf3 42. Qg2 f4 43. Qxg3 fxg3 44. a4 h5 45. a5 h4 46. a6 g5 47.
a7 g4 48. hxg4 h3 49. Rg1 Nxg1 50. Kxg1 Kg6 51. a8=Q Kg5 52. Qg8+ Kh4 53. b4 g2
54. Qh7+ Kg3 55. Qxh3+ Kxh3 56. b5 Kxg4 57. Kxg2 Kf5 58. b6 Ke4 59. Kf2 1-0

[Event "Berkeley CC Santasiere FNM; 30/90, SD/3"]
[Site "Berkeley CA"]
[Date "2009.09.04"]
[Round "5.7"]
[White "Gens, Michael"]
[Black "Clara, John Anthony"]
[Result "0-1"]
[WhiteElo "638"]
[BlackElo "1571"]
[PlyCount "26"]
[EventDate "2009.??.??"]
[SourceDate "2007.10.22"]

1. Nf3 Nc6 2. e3 e5 3. Bd3 d5 4. O-O e4 5. Bb5 exf3 6. e4 fxg2 7. Kxg2 Qg5+ 8.
Kh1 Bd6 9. exd5 Qxd5+ 10. f3 Qxb5 11. Re1+ Nge7 12. Nc3 Qh5 13. Nb5 Qxh2# 0-1

[Event "Berkeley CC Santasiere FNM; 30/90, SD/3"]
[Site "Berkeley CA"]
[Date "2009.09.12"]
[Round "6.9"]
[White "Gens, Michael"]
[Black "Magganas, Aristotle"]
[Result "0-1"]
[WhiteElo "638"]
[BlackElo "1230"]
[PlyCount "54"]
[EventDate "2009.??.??"]
[SourceDate "2007.10.22"]

1. Nf3 Nf6 2. g3 d6 3. Bh3 Bxh3 4. Nc3 Bg2 5. Rg1 Bxf3 6. exf3 Nbd7 7. d3 e6 8.
Bg5 Be7 9. Qd2 Nd5 10. Ne4 Ne5 11. f4 Nf3+ 12. Ke2 Nxd2 13. Kxd2 Bxg5 14. Nxg5
h6 15. Ne4 g5 16. c4 Nb4 17. c5 d5 18. Nc3 gxf4 19. gxf4 Qh4 20. a3 Qxf2+ 21.
Ne2 Nc6 22. Raf1 Qxc5 23. d4 Nxd4 24. b4 Qc2+ 25. Ke3 Qe4+ 26. Kf2 Qf3+ 27. Ke1
Qxe2# 0-1

[Event "Berkeley CC Christiansen FNM; 30/90, SD/"]
[Site "Berkeley"]
[Date "2012.06.08"]
[Round "5.5"]
[White "Glasscoe, Alan"]
[Black "Acosta, Anthony Ro"]
[Result "1/2-1/2"]
[WhiteElo "1801"]
[BlackElo "1742"]
[PlyCount "90"]
[EventDate "2012.??.??"]

1. Nc3 e5 2. e4 b6 3. Bc4 Bb7 4. d3 Nf6 5. f4 Nc6 6. Nf3 Qe7 7. a3 O-O-O 8. Ng5
d5 9. Nxd5 Nxd5 10. Bxd5 exf4 11. Qg4+ Kb8 12. O-O Ne5 13. Qxf4 Bxd5 14. exd5
f6 15. Ne4 Rxd5 16. Nc3 Rd8 17. Bd2 Qd7 18. Kh1 h5 19. a4 Bd6 20. Qe4 g5 21. a5
Rhe8 22. axb6 cxb6 23. Qd5 h4 24. Nb5 h3 25. g3 Bc5 26. Qxd7 Rxd7 27. b4 Be7
28. Rae1 Red8 29. Bxg5 Ng4 30. Bf4+ Kb7 31. Bd2 a6 32. Na3 a5 33. Nc4 axb4 34.
Rf4 Ne5 35. Nxe5 fxe5 36. Rf7 Bc5 37. Rxd7+ Rxd7 38. Be3 b3 39. cxb3 Rxd3 40.
Bxc5 bxc5 41. Kg1 Kc6 42. Rxe5 Rxb3 43. Rh5 Rb1+ 44. Kf2 Rb2+ 45. Kg1 Rb1+
1/2-1/2

[Event "Berkeley CC De Firmian FNM; 30/90, SD/30"]
[Site "Berkeley"]
[Date "2012.03.30"]
[Round "1.1"]
[White "Glasscoe, Alan"]
[Black "Acosta, Anthony Ro"]
[Result "0-1"]
[WhiteElo "1808"]
[BlackElo "1692"]
[PlyCount "84"]
[EventDate "2012.??.??"]

1. e4 e5 2. Nc3 Nf6 3. Bc4 Nc6 4. d3 b6 5. f4 Bc5 6. Nf3 Qe7 7. Na4 Bb7 8. Nxc5
Qxc5 9. Qe2 Qe7 10. O-O h6 11. fxe5 Nxe5 12. Nxe5 Qxe5 13. Rf5 Qd4+ 14. Kh1
O-O-O 15. c3 Qd6 16. Bf4 Qe7 17. Re1 Rhe8 18. a4 d5 19. Re5 Qxe5 20. Bxe5 Rxe5
21. Bb3 Rde8 22. Qc2 dxe4 23. d4 Rg5 24. Bxf7 Rf8 25. Be6+ Kb8 26. h3 Nh5 27.
d5 Ng3+ 28. Kh2 e3 29. h4 Rf2 30. Qh7 Nf1+ 31. Rxf1 Rgxg2+ 32. Kh3 Rh2+ 33. Kg4
Rhg2+ 34. Kh5 a5 35. Rxf2 exf2 36. Qf5 Ba6 37. Qf8+ Ka7 38. Qf4 Be2+ 39. Bg4
Bxg4+ 40. Kg6 Kb7 41. d6 Bf3+ 42. Kh7 f1=Q 0-1

[Event "Berkeley CC Ch2011 FNM; 30/90, SD/30"]
[Site "Berkeley"]
[Date "2011.11.11"]
[Round "2.9"]
[White "Glasscoe, Alan"]
[Black "Baraz, Adam"]
[Result "1-0"]
[WhiteElo "1841"]
[BlackElo "1695"]
[PlyCount "57"]
[EventDate "2011.??.??"]
[SourceDate "2007.10.22"]

1. e4 d6 2. Nc3 Nf6 3. f4 g6 4. Nf3 Bg7 5. Bc4 e6 6. d3 O-O 7. O-O c5 8. Qe1 d5
9. Bb3 Nc6 10. e5 Ne8 11. Ne2 b5 12. c3 c4 13. Bc2 cxd3 14. Bxd3 a6 15. Be3 f6
16. exf6 Qxf6 17. Ng5 Nd6 18. Ng3 Nf5 19. Nxf5 gxf5 20. Bc5 Re8 21. Qg3 b4 22.
c4 d4 23. Rae1 Bb7 24. Nf3 Rad8 25. Re2 Kh8 26. Rfe1 Bc8 27. Qh3 Bh6 28. Bxf5
Qxf5 29. Qxf5 1-0

[Event "Berkeley CC Ch2011 FNM; 30/90, SD/30"]
[Site "Berkeley"]
[Date "2011.12.09"]
[Round "6.5"]
[White "Glasscoe, Alan"]
[Black "Chamberlain, Ethan"]
[Result "0-1"]
[WhiteElo "1841"]
[BlackElo "1925"]
[PlyCount "70"]
[EventDate "2011.??.??"]
[SourceDate "2007.10.22"]

1. e4 c5 2. Nc3 g6 3. f4 Bg7 4. Nf3 Nc6 5. Bc4 e6 6. Bb3 Nge7 7. d3 Nd4 8. O-O
Nxb3 9. axb3 d5 10. e5 Bd7 11. Ne2 O-O 12. Qe1 Nc6 13. Bd2 f6 14. Ng3 fxe5 15.
fxe5 Qc7 16. b4 Nxe5 17. Nxe5 Rxf1+ 18. Nxf1 Bxe5 19. c3 cxb4 20. d4 Bg7 21.
Qh4 bxc3 22. bxc3 a5 23. Rc1 Bf8 24. Bf4 Bd6 25. Bh6 Bb5 26. Nd2 a4 27. Nf3 a3
28. Qe1 Qe7 29. Bg5 Qf7 30. Qd2 Bc4 31. Qd1 b5 32. Qe1 a2 33. Bd2 Ba3 34. Ne5
Qf5 35. Nxc4 Bxc1 0-1

[Event "Berkeley CS Rubinstein FNM; 30/90, SD/3"]
[Site "Berkeley"]
[Date "2011.08.19"]
[Round "4.1"]
[White "Glasscoe, Alan"]
[Black "Cunningham, Robin"]
[Result "0-1"]
[WhiteElo "1800"]
[BlackElo "2288"]
[PlyCount "116"]
[EventDate "2011.??.??"]
[SourceDate "2007.10.22"]

1. e4 Nf6 2. Nc3 e5 3. Bc4 Nxe4 4. Qh5 Nd6 5. Qxe5+ Qe7 6. Qxe7+ Bxe7 7. Bb3
Nf5 8. Nf3 O-O 9. O-O c6 10. Re1 d5 11. Ne2 g6 12. Ng3 Bf6 13. c3 Nxg3 14. hxg3
Bf5 15. d4 Nd7 16. Bd2 Rfe8 17. Rac1 h5 18. Bc2 Bxc2 19. Rxc2 Rxe1+ 20. Nxe1
Re8 21. Kf1 b6 22. Nd3 Nf8 23. Be3 Ne6 24. Nb4 Nd8 25. Nd3 Ne6 26. Nb4 Nd8 27.
Nd3 Kf8 28. Re2 Re6 29. Bf4 Rxe2 30. Kxe2 b5 31. b4 Ne6 32. Bd6+ Ke8 33. f4 a6
34. Nc5 Nxc5 35. Bxc5 Kd7 36. Kf3 Ke6 37. Bb6 Kf5 38. Bc7 Be7 39. Bb8 Bd8 40.
Bd6 a5 41. a3 a4 42. Be5 Be7 43. Bc7 Bf8 44. Bb8 Be7 45. Bc7 g5 46. Bb8 g4+ 47.
Ke3 h4 48. gxh4 Bxh4 49. Bd6 Be1 50. Kd3 Kg6 51. Be5 Kh5 52. f5 Bh4 53. g3 Be7
54. Bf4 Bg5 55. Ke3 Bxf4+ 56. gxf4 f6 57. Ke2 Kh4 58. Kf2 g3+ 0-1

[Event "Berkeley CC Reti FNM; 30/90, SD/60"]
[Site "Berkeley CA"]
[Date "2011.05.06"]
[Round "3.14"]
[White "Glasscoe, Alan"]
[Black "Duckworth III, Edw"]
[Result "1-0"]
[WhiteElo "1800"]
[BlackElo "1642"]
[PlyCount "87"]
[EventDate "2011.??.??"]
[SourceDate "2007.10.22"]

1. Nc3 d5 2. e4 d4 3. Nb1 e5 4. Bc4 Bd6 5. d3 h6 6. Ne2 Ne7 7. O-O c5 8. f4
Nbc6 9. Bxf7+ Kd7 10. f5 Kc7 11. Na3 a6 12. Nc4 b5 13. Nxd6 Qxd6 14. b3 Qf6 15.
Bh5 Bd7 16. Ng3 Ng8 17. Bd2 a5 18. a3 Qd6 19. Qg4 Qe7 20. Bg6 Nf6 21. Qe2 Be8
22. Bxe8 Qxe8 23. Rfb1 Qe7 24. h3 Kb6 25. Qe1 Rhg8 26. Rb2 g5 27. fxg6 Rxg6 28.
Nf5 Qh7 29. b4 cxb4 30. axb4 a4 31. c4 Rag8 32. Nh4 Rg3 33. Kh2 Qg7 34. Qf1
bxc4 35. Be1 Rxd3 36. b5 Na5 37. Rxa4 Rc3 38. Bxc3 dxc3 39. Qf2+ Kb7 40. Rxa5
Qg3+ 41. Qxg3 Rxg3 42. Rc2 Nxe4 43. Nf3 Kb6 44. Ra1 1-0

[Event "Blackburne Friday Night Marathon"]
[Site "?"]
[Date "2009.04.03"]
[Round "?"]
[White "Glasscoe, Alan"]
[Black "Hirsch, Jack"]
[Result "1-0"]
[WhiteElo "1844"]
[BlackElo "1083"]
[PlyCount "57"]
[EventDate "2009.??.??"]
[SourceDate "2007.10.22"]

1. e4 e5 2. Nc3 Bc5 3. Bc4 c6 4. d3 Nf6 5. f4 d5 6. exd5 cxd5 7. Bb5+ Nbd7 8.
fxe5 Qb6 9. Nh3 Ng8 10. Nxd5 Qa5+ 11. Nc3 a6 12. Bxd7+ Bxd7 13. d4 Bb4 14. Bd2
Bxc3 15. Bxc3 Qd5 16. Rg1 Bxh3 17. gxh3 Qe4+ 18. Qe2 Qh4+ 19. Rg3 f5 20. O-O-O
g6 21. d5 Nh6 22. e6 Qf4+ 23. Bd2 Qh4 24. Bg5 Qa4 25. Ra3 Qb4 26. Qe5 Rg8 27.
d6 Nf7 28. exf7+ Kd7 29. Rc3 1-0

[Event "Berkeley CS Rubinstein FNM; 30/90, SD/3"]
[Site "Berkeley"]
[Date "2011.08.05"]
[Round "2.5"]
[White "Glasscoe, Alan"]
[Black "Jenkins, Gerl L"]
[Result "1-0"]
[WhiteElo "1800"]
[BlackElo "1494"]
[PlyCount "55"]
[EventDate "2011.??.??"]
[SourceDate "2007.10.22"]

1. e4 e5 2. Nc3 Bc5 3. Bc4 a6 4. Qg4 g6 5. Qf3 Qf6 6. Nd5 Qxf3 7. Nxf3 Bd6 8.
d3 h6 9. O-O Nc6 10. a3 Nce7 11. Nh4 b5 12. Ba2 Bb7 13. Bd2 Nxd5 14. exd5 Ne7
15. c4 g5 16. Nf3 f5 17. Bc3 Ng6 18. Rfe1 O-O-O 19. Nxe5 Bxe5 20. Bxe5 Rhg8 21.
c5 d6 22. cxd6 cxd6 23. Bd4 Nf4 24. Re7 Rd7 25. Rc1+ Kd8 26. Re3 Re7 27. Bf6
Bxd5 28. Rxe7 1-0

[Event "Berkeley CC Christiansen FNM; 30/90, SD/"]
[Site "Berkeley"]
[Date "2012.06.01"]
[Round "4.9"]
[White "Glasscoe, Alan"]
[Black "Korts, David"]
[Result "1-0"]
[WhiteElo "1800"]
[BlackElo "1647"]
[PlyCount "45"]
[EventDate "2012.??.??"]

1. e4 e5 2. Nc3 Nf6 3. Bc4 Bc5 4. d3 d6 5. f4 Ng4 6. f5 Bxg1 7. Qxg4 O-O 8.
Rxg1 Nc6 9. Bh6 g6 10. Bxf8 Kxf8 11. Rf1 Nd4 12. O-O-O c6 13. Bxf7 gxf5 14.
Qg8+ Ke7 15. Qxd8+ Kxd8 16. Bg8 h6 17. exf5 Nxf5 18. Rde1 Kc7 19. Bh7 Nd4 20.
Rf6 Bd7 21. Ne4 Rh8 22. Rf7 Kc8 23. Nxd6+ 1-0

[Event "Berkeley CS Rubinstein FNM; 30/90, SD/3"]
[Site "Berkeley"]
[Date "2011.08.26"]
[Round "5.3"]
[White "Glasscoe, Alan"]
[Black "Landrum, Brett"]
[Result "1-0"]
[WhiteElo "1800"]
[BlackElo "1586"]
[PlyCount "59"]
[EventDate "2011.??.??"]
[SourceDate "2007.10.22"]

1. e4 d5 2. Nc3 d4 3. Nb1 e5 4. Bc4 Nf6 5. d3 Bd6 6. Ne2 O-O 7. O-O Nc6 8. a3
Qe7 9. f4 Be6 10. Nd2 Ng4 11. Nf3 Bxc4 12. dxc4 Nf6 13. fxe5 Bxe5 14. Bg5 Qd6
15. Nxe5 Qxe5 16. Bxf6 gxf6 17. Ng3 Kh8 18. Rf5 Qe6 19. Qf1 Ne5 20. Rxf6 Qxc4
21. Qf5 Ng6 22. Rf1 Qxc2 23. Qh5 Qc4 24. Qh6 d3 25. Nh5 Rg8 26. Rxf7 Qd4+ 27.
Kh1 Nf8 28. Nf6 Qxe4 29. Nxe4 Re8 30. Qf6+ 1-0

[Event "Berkeley CC Capablanca FNM; 30/90, SD/3"]
[Site "Berkeley"]
[Date "2011.10.14"]
[Round "5.13"]
[White "Glasscoe, Alan"]
[Black "Landrum, Brett"]
[Result "1/2-1/2"]
[WhiteElo "1808"]
[BlackElo "1551"]
[PlyCount "93"]
[EventDate "2011.??.??"]
[SourceDate "2007.10.22"]

1. e4 e5 2. Nc3 Nc6 3. Bc4 Nf6 4. d3 Be7 5. Nge2 Na5 6. Bb3 d6 7. O-O Nxb3 8.
axb3 O-O 9. f4 exf4 10. Nxf4 c6 11. Nce2 Qb6+ 12. Kh1 Ng4 13. Qe1 Ne3 14. Bxe3
Qxe3 15. Rf3 Qc5 16. c3 Bg4 17. Rf1 Bf6 18. h3 Bd7 19. b4 Qb6 20. Nh5 Bg5 21.
Rf3 Qd8 22. Qg3 g6 23. Nhf4 Bh4 24. Qh2 a6 25. g3 Bf6 26. Raf1 Bg7 27. g4 Qg5
28. Qf2 Qe7 29. Rg1 Rae8 30. Re1 Bf6 31. Rf1 Bh4 32. Qg1 c5 33. bxc5 dxc5 34.
Nd5 Qe5 35. Nf6+ Bxf6 36. Rxf6 c4 37. Ng3 cxd3 38. R6f3 Bb5 39. Rd1 Rd8 40. Qe3
Qd6 41. Qh6 d2 42. Re3 Ba4 43. e5 Qd5+ 44. Kh2 Bxd1 45. Nf5 gxf5 46. Qg5+ Kh8
47. Qf6+ 1/2-1/2

[Event "Berkeley CC Santasiere FNM; 30/90, SD/3"]
[Site "Berkeley CA"]
[Date "2009.08.07"]
[Round "1.4"]
[White "Glasscoe, Alan S"]
[Black "Landrum, Brett John"]
[Result "0-1"]
[WhiteElo "1838"]
[BlackElo "1429"]
[PlyCount "62"]
[EventDate "2009.??.??"]
[SourceDate "2007.10.22"]

1. e4 e5 2. Nc3 Nc6 3. Bc4 Nf6 4. d3 h6 5. f4 Bc5 6. Na4 Bb6 7. Nxb6 axb6 8. c3
d6 9. Nf3 Na5 10. Bb5+ c6 11. Ba4 b5 12. Bc2 c5 13. O-O Bg4 14. Qe1 Nc6 15. f5
Bxf3 16. Rxf3 b4 17. Bd2 bxc3 18. bxc3 Qb6 19. a4 Qa6 20. Rb1 Na5 21. Rb5 Kd7
22. Qb1 Rhb8 23. Rb6 Qa7 24. Qb5+ Kc7 25. Rxd6 Kxd6 26. d4 cxd4 27. cxd4 Qxd4+
28. Be3 Qc4 29. Qb6+ Nc6 30. Bb3 Qb4 31. Bc5+ Qxc5+ {error in score} 0-1

[Event "Purdy FNM; 30/90, SD/30"]
[Site "Berkeley"]
[Date "2010.01.08"]
[Round "1.10"]
[White "Glasscoe, Alan S"]
[Black "Larsen, Joseph"]
[Result "1-0"]
[WhiteElo "1800"]
[BlackElo "1351"]
[PlyCount "47"]
[EventDate "2010.??.??"]
[SourceDate "2007.10.22"]

1. e4 Nc6 2. d4 e6 3. Nc3 Nge7 4. f4 g6 5. Nf3 Bg7 6. Be3 a6 7. Qd2 b5 8. a3
Bb7 9. Be2 d5 10. e5 Qd7 11. O-O O-O-O 12. b4 Nf5 13. Rfb1 Nxe3 14. Qxe3 Ne7
15. a4 Nf5 16. Qf2 Qc6 17. Nd1 bxa4 18. b5 Qxc2 19. bxa6 Ba8 20. Rc1 Qb3 21.
Rab1 Qa3 22. Bb5 h5 23. Qc2 Qe7 24. Bc6 1-0

[Event "Berkeley CC Capablanca FNM; 30/90, SD/3"]
[Site "Berkeley"]
[Date "2011.10.21"]
[Round "6.12"]
[White "Glasscoe, Alan"]
[Black "Li Jr, William"]
[Result "1-0"]
[WhiteElo "1808"]
[BlackElo "1489"]
[PlyCount "63"]
[EventDate "2011.??.??"]
[SourceDate "2007.10.22"]

1. e4 e5 2. Nc3 Nf6 3. Bc4 Bc5 4. d3 d6 5. Na4 Bb6 6. Nxb6 axb6 7. Bg5 h6 8.
Bd2 Nc6 9. a3 Bd7 10. Ne2 O-O 11. O-O Ne7 12. f4 Ng6 13. f5 Ne7 14. Ng3 d5 15.
Bb3 dxe4 16. dxe4 Bc6 17. Kh1 Nxe4 18. Nxe4 Bxe4 19. f6 Ng6 20. fxg7 Kxg7 21.
Qe1 Qh4 22. Qe2 Rad8 23. Be1 Qg5 24. Qxe4 Rd4 25. Qe2 Rg4 26. Bg3 h5 27. Rae1
f6 28. Be6 Rf4 29. Bxf4 Nxf4 30. Rxf4 exf4 31. Rd1 Kg6 32. Bf7+ 1-0

[Event "Berkeley CC De Firmian FNM; 30/90, SD/30"]
[Site "Berkeley"]
[Date "2012.04.13"]
[Round "3.5"]
[White "Glasscoe, Alan"]
[Black "Loica-mersa, Caius"]
[Result "1-0"]
[WhiteElo "1808"]
[BlackElo "1658"]
[PlyCount "57"]
[EventDate "2012.??.??"]

1. e4 e6 2. d4 d5 3. Be3 dxe4 4. Nd2 Nf6 5. f3 exf3 6. Ngxf3 b6 7. c3 Bb7 8.
Bd3 Nbd7 9. O-O c5 10. Qe1 Qc7 11. Rc1 Bd6 12. Qh4 h6 13. Nc4 Be7 14. Qh3 Nd5
15. Nfe5 Bf6 16. Nxd7 Qxd7 17. dxc5 Nxe3 18. Nd6+ Kf8 19. Qxe3 bxc5 20. Nxb7
Qxb7 21. Be4 Qc8 22. Bxa8 Qxa8 23. Qxc5+ Kg8 24. Qc7 Qe4 25. Rcd1 Qa4 26. Rd7
Be5 27. Rd8+ Kh7 28. Rxh8+ Kxh8 29. Qxe5 1-0

[Event "Berkeley CC FNM; 30/90, SD/30"]
[Site "Berkeley"]
[Date "2009.05.08"]
[Round "2.2"]
[White "Glasscoe, Alan S"]
[Black "Macintyre, Brendan"]
[Result "1-0"]
[WhiteElo "1847"]
[BlackElo "1689"]
[PlyCount "59"]
[EventDate "2009.??.??"]
[SourceDate "2007.10.22"]

1. e4 c5 2. Nc3 Nc6 3. f4 d6 4. Nf3 Nf6 5. d3 Bg4 6. Be2 g6 7. O-O Bg7 8. Qe1
Qb6 9. Kh1 O-O 10. h3 Bxf3 11. Bxf3 Nd4 12. Bd1 Qc6 13. Ne2 Nd7 14. c3 Nxe2 15.
Bxe2 e6 16. Be3 Rfe8 17. Qd2 Rad8 18. f5 exf5 19. exf5 d5 20. Rae1 Re5 21. d4
Ree8 22. Rf2 Nf6 23. Bd3 Ne4 24. Bxe4 Rxe4 25. Ref1 Rde8 26. Bh6 R8e7 27. Bxg7
f6 28. fxg6 Kxg7 29. gxh7 Kxh7 30. Rxf6 1-0

[Event "Purdy FNM; 30/90, SD/30"]
[Site "Berkeley"]
[Date "2010.01.29"]
[Round "4.4"]
[White "Glasscoe, Alan S"]
[Black "Maser, Thomas F"]
[Result "0-1"]
[WhiteElo "1800"]
[BlackElo "1947"]
[PlyCount "100"]
[EventDate "2010.??.??"]
[SourceDate "2007.10.22"]

1. e4 e5 2. Nc3 Nf6 3. Bc4 Bb4 4. d3 d6 5. f4 O-O 6. Nf3 Qe7 7. O-O c6 8. fxe5
dxe5 9. Kh1 Nbd7 10. Bg5 h6 11. Bh4 Qd6 12. Ne2 Ng4 13. Qc1 Bc5 14. h3 Ne3 15.
Re1 Qg6 16. Ng3 Nxc4 17. dxc4 Bf2 18. Nf5 Bxh4 19. N3xh4 Qh5 20. g4 Qg5 21.
Qxg5 hxg5 22. Nf3 f6 23. h4 gxh4 24. N3xh4 Nc5 25. Ng6 Bxf5 26. gxf5 Rfd8 27.
Re2 Rd4 28. Rh2 Rad8 29. Rh8+ Kf7 30. Rh7 Nxe4 31. Rg1 Ng5 32. Nxe5+ fxe5 33.
Rxg5 Rg8 34. b3 Rdd8 35. Kh2 Rd2+ 36. Rg2 Rxg2+ 37. Kxg2 Rd8 38. Kf3 Kf6 39.
Ke3 Rd7 40. c3 Kxf5 41. Rh5+ g5 42. Rh8 Rg7 43. Rf8+ Ke6 44. Re8+ Re7 45. Rg8
Kf5 46. Rf8+ Kg4 47. Ke4 Kg3 48. Kf5 e4 49. Kxg5 e3 50. Rf1 e2 0-1